[Event "Moia op 5th"]
[Site "Moia"]
[Date "2016.11.18"]
[Round "8"]
[White "Anton Valls, Miquel"]
[Black "Barcons Gallach, Salvador"]
[Result "0-1"]
[WhiteElo "1682"]
[BlackElo "1764"]
[PlyCount "45"]
[EventDate "2016.09.23"]
[EventType "swiss"]
[EventRounds "8"]
[EventCountry "ESP"]
[SourceTitle "EXT 2018"]
[Source "ChessBase"]
[SourceDate "2017.10.13"]
[SourceVersion "1"]
[SourceVersionDate "2017.10.13"]
[SourceQuality "1"]

1. d4 d5 2. f4 Bf5 3. Nf3 g6 4. c3 Bg7 5. g3 Be4 6. e3 Nd7 7. Nbd2 Ngf6 8. Nxe4 Nxe4 9. Bd3 Ndf6 10. Ne5 0-0 11. Qe2 Rc8 12. 0-0 c5 13. f5 c4 14. Bc2 e6 15. g4 Qd6 16. Kg2 Nd7 17. Nxd7 Qxd7 18. Bxe4 dxe4 19. Qc2 gxf5 20. Qf2 Kh8 21. Qh4 Rg8 22. gxf5 Bxd4+ 23. Kh1 0-1

[Event "Vall del Tenes op 4th"]
[Site "Santa Eulalia de Roncana"]
[Date "2015.05.15"]
[Round "5"]
[White "Barcons Gallach, Salvador"]
[Black "Salinas Duffo, Gaspar"]
[Result "0-1"]
[WhiteElo "1685"]
[BlackElo "1708"]
[PlyCount "128"]
[EventDate "2015.04.10"]
[EventType "swiss"]
[EventRounds "8"]
[EventCountry "ESP"]
[SourceTitle "CBM 166 Extra"]
[Source "ChessBase"]
[SourceDate "2015.06.18"]
[SourceVersion "1"]
[SourceVersionDate "2015.06.18"]
[SourceQuality "1"]

1. d4 Nf6 2. Nc3 g6 3. e4 d6 4. Nf3 Bg7 5. Bg5 Bg4 6. e5 Bxf3 7. Qxf3 Nc6 8. exf6 exf6 9. Be3 0-0 10. Bb5 Rb8 11. 0-0 Ne7 12. Bd3 c6 13. Rab1 d5 14. a3 Re8 15. Qh3 f5 16. Ne2 Nc8 17. c3 Nb6 18. Rfe1 Nc4 19. Bxc4 dxc4 20. Bh6 Bf6 21. Qf3 Qd5 22. Ng3 Rxe1+ 23. Rxe1 Qxf3 24. gxf3 Bh4 25. f4 Bxg3 26. fxg3 f6 27. Kf2 Kf7 28. Kf3 Rd8 29. g4 fxg4+ 30. Kxg4 Rd5 31. Re3 Rb5 32. f5 Rxb2 33. fxg6+ hxg6 34. Bf4 Ra2 35. Rh3 Rxa3 36. Rh7+ Kg8 37. Rxb7 Rxc3 38. Rxa7 Rd3 39. Rc7 Rxd4 40. Kf3 Rd3+ 41. Be3 Rd6 42. Bf4 Re6 43. Be3 c3 44. Ke2 c2 45. Kd3 Rxe3+ 46. Kxc2 Re2+ 47. Kd3 Rxh2 48. Rxc6 Kg7 49. Ke4 f5+ 50. Kf4 Rf2+ 51. Kg5 Rg2+ 52. Kf4 Kh6 53. Rc8 Rf2+ 54. Kg3 Ra2 55. Kf4 Ra4+ 56. Ke5 Kg5 57. Rg8 f4 58. Rf8 Kg4 59. Kf6 g5 60. Rg8 Ra6+ 61. Ke5 f3 62. Ke4 Rf6 63. Rh8 f2 64. Rh1 f1Q 0-1